Sports Quiz

Random Sports or WWE Quiz

WWE Royal Rumble Final Four Quiz Stats

 Plays Quiz Updated Feb 1, 2021

Support Sporcle.
Go Orange.
Score 0/152 Timer 07:00
4 Plays Today
Year Wrestler % Correct
2013John Cena
93.6%
2016Triple H
93.3%
2005John Cena
93.3%
2008John Cena
93.3%
2010John Cena
93.2%
2002Triple H
93.2%
2006Triple H
93.2%
2008Triple H
93.2%
2009Triple H
93.2%
2021 (Men's)Edge
92.7%
2018 (Men's)John Cena
92.7%
2020 (Men's)Randy Orton
92.6%
2021 (Men's)Randy Orton
92.6%
1997The Undertaker
91.6%
2003The Undertaker
91.6%
2007The Undertaker
91.6%
2020 (Men's)Roman Reigns
91.5%
2020 (Men's)Edge
91.2%
2017Randy Orton
90.8%
2021 (Women's)Charlotte Flair
90.5%
2020 (Women's)Charlotte Flair
90.5%
2019 (Women's)Charlotte Flair
90.5%
1997Fake Diesel
90.3%
2018 (Men's)Roman Reigns
89.9%
1994Shawn Michaels
89.8%
1995Shawn Michaels
89.8%
2007Shawn Michaels
89.8%
1996Shawn Michaels
89.8%
2012Randy Orton
89.8%
2010Shawn Michaels
89.7%
1990Hulk Hogan
89.7%
1991Hulk Hogan
89.7%
1992Hulk Hogan
89.7%
2016Roman Reigns
89.7%
2017Roman Reigns
89.6%
2000Kane
89.2%
2001Kane
89.2%
2003Kane
89.2%
2008Kane
89.2%
2015Roman Reigns
89.1%
2006Randy Orton
89%
2007Randy Orton
89%
2009Randy Orton
89%
2015Kane
88.9%
2011Randy Orton
88.7%
1998The Rock
88.7%
2000The Rock
88.7%
2001The Rock
88.7%
2021 (Men's)Seth Rollins
88.2%
1997Stone Cold Steve Austin
88%
1998Stone Cold Steve Austin
88%
Year Wrestler % Correct
1999Stone Cold Steve Austin
88%
2001Stone Cold Steve Austin
88%
2002Stone Cold Steve Austin
88%
2019 (Men's)Seth Rollins
87.9%
2014Roman Reigns
87.4%
2012The Big Show
86.9%
2015Big Show
86.7%
2000The Big Show
86.3%
2004The Big Show
86.3%
2014Batista
85.1%
2003Batista
83%
2005Batista
83%
2008Batista
83%
2010Batista
82.9%
2005Edge
82.8%
2007Edge
82.8%
2010Edge
82.8%
2016Dean Ambrose
80.1%
1994Bret Hart
79.8%
1997Bret Hart
79.8%
2005Rey Mysterio
79.2%
2006Rey Mysterio
79.2%
2020 (Men's)Drew McIntyre
78.8%
1992Ric Flair
78%
2012Chris Jericho
77.5%
2012Sheamus
77.1%
2017Chris Jericho
77.1%
2013Sheamus
76.8%
2014Sheamus
76.5%
2016Sheamus
76.3%
2004Chris Jericho
76.1%
1992Randy Savage
74.6%
1993Randy Savage
74.6%
2018 (Women's)Asuka
74.3%
2018 (Men's)Shinsuke Nakamura
73.6%
2003Brock Lesnar
72.6%
2004Chris Benoit
72.4%
2011Alberto Del Rio
72.3%
2019 (Women's)Beck Lynch
71.5%
2021 (Women's)Bianca Belair
70.9%
1999Vince McMahon
70%
1988Jim Duggan
69.2%
2018 (Women's)Sasha Banks
68.5%
2021 (Men's)Braun Strowman
67%
2002Kurt Angle
66.7%
2004Kurt Angle
66.7%
2017Bray Wyatt
65.2%
1996Diesel
64.9%
2019 (Men's)Braun Strowman
64.6%
1993Yokozuna
63.7%
2014CM Punk
62.7%
Year Wrestler % Correct
2009Ted DiBiase, Jr.
61.3%
1989Ted DiBiase
60.9%
2019 (Men's)Dolph Ziggler
60%
2009Cody Rhodes
59.2%
2011Santino Marella
56.5%
2021 (Women's)Rhea Ripley
56.1%
2018 (Men's)Finn Bálor
56%
2015Rusev
55.9%
2018 (Women's)Nikki Bella
55.4%
2018 (Women's)Brie Bella
54.7%
1994Lex Luger
54.6%
1995Lex Luger
54.6%
2019 (Women's)Bayley
54.6%
2013Dolph Ziggler
53.7%
1991Davey Boy Smith
53.3%
1995Davey Boy Smith
53.3%
1996Davey Boy Smith
53.3%
1989Big John Studd
52.7%
1999Big Boss Man
51.8%
2013Ryback
51.4%
2019 (Women's)Nia Jax
50.7%
1990Mr. Perfect
49.9%
2002Mr. Perfect
49.9%
1992Sid Justice
47.4%
1998Dude Love
47.3%
2021 (Women's)Natalya
42.9%
2020 (Women's)Natalya
42.9%
2020 (Women's)Shayna Baszler
42%
2006Rob Van Dam
41.3%
2000X-Pac
40.7%
2001Billy Gunn
37.5%
2011Wade Barrett
34.3%
1988One Man Gang
33.8%
1989Akeem
33.8%
1994Headshrinker Fatu
33.5%
1991Earthquake
32.7%
2019 (Men's)Andrade
31.6%
2020 (Women's)Beth Phoenix
28.1%
1990Rick Rude
25.7%
1998Faarooq
25.4%
1989Rick Martel
23.8%
1993Rick Martel
23.8%
1999D-Lo Brown
23.6%
1993Bob Backlund
22.7%
1996Kama
20.4%
1995Crush
20.1%
1988Dino Bravo
19%
1988Don Muraco
18%
1990Hercules
16.1%
1991Brian Knobbs
15.6%

From the Vault

Subcategory Multiple Choice: Holiday II

by metakoopa99

Holiday 4m
Let's celebrate good trivia 365 days a year.
Remove Ads.
Support Sporcle.
Get the best of Sporcle when you Go Orange. This ad-free experience offers more features, more stats, and more fun while also helping to support Sporcle. Thank you for becoming a member.

Show Comments

Extras

Top Quizzes Today


Score Distribution

Your Account Isn't Verified!

In order to create a playlist on Sporcle, you need to verify the email address you used during registration. Go to your Sporcle Settings to finish the process.

Report this User

Report this user for behavior that violates our Community Guidelines.

Details: